| 000 | 00855cam a2200241 4500500 | ||
|---|---|---|---|
| 005 | 20251012025130.0 | ||
| 041 | _afre | ||
| 042 | _adc | ||
| 100 | 1 | 0 |
_aCalenborn, Lisa _eauthor |
| 700 | 1 | 0 |
_a Heimermann, Peter _eauthor |
| 700 | 1 | 0 |
_a Klinke, Leo _eauthor |
| 700 | 1 | 0 |
_a Lang, Matthias _eauthor |
| 700 | 1 | 0 |
_a Pohle, Marco _eauthor |
| 700 | 1 | 0 |
_a Schütze, Claudia _eauthor |
| 700 | 1 | 0 |
_a Sonnemann, Till _eauthor |
| 700 | 1 | 0 |
_a Vornweg, Lotta _eauthor |
| 700 | 1 | 0 |
_a Werban, Ulrike _eauthor |
| 245 | 0 | 0 | _aA Sample Case for Geophysical Meta data Archival: The Subsurface Remains of a villa rustica in the Roman Rhineland |
| 260 | _c2025. | ||
| 500 | _a100 | ||
| 786 | 0 | _nArcheoSciences | 49-1 | 1 | 2025-08-26 | p. 597-600 | 1960-1360 | |
| 856 | 4 | 1 | _uhttps://shs.cairn.info/revue-archeosciences-2025-1-page-597?lang=en&redirect-ssocas=7080 |
| 999 |
_c1544746 _d1544746 |
||